000 00697nam a22001817a 4500
003 UA-OsUOA
001 15566
007 ta
008 20031118b un ||||| |||| 00| 0 ukr d
100 _aЯрошевич В.
942 _cSA
040 _aUA-OsUOA
_cUA-OsUOA
_dUA-OsUOA
245 _a"Оксамитовий передзвін" - свято інвалідів
_b[Про 1-й обл. фест. людей з інвалідністю "Оксамитовий передзвін", що відбувся у Рівному
300 _aС.6
955 _a0
773 0 _w0
_tНова Волинь
_dРівне
_d2003
_g№31/31лип./
650 7 _aКраєзнавча робота
_2UDC
999 _c301731
_d301731